The Foreign Corrupt Practices Act Handbook

Bibliographic Details
Main Author: Tarun, Robert W.
Format: eBook
Language:English
Published: Chicago: American Bar Association, 2015
Edition:Cuarta Edicin̤
Subjects:
Online Access:Acceso restringido

MARC

LEADER 00000nam a22000007a 4500
005 20210224212342.0
007 cr|||| ||||
008 210224s2015 us |||||s|||| 00||0 eng d
020 |a 9781634251556 
035 |a 31223 
040 |a vLex 
090 |c 11252  |d 11252 
100 1 |a Tarun, Robert W. 
245 1 3 |a The Foreign Corrupt Practices Act Handbook  |h [Recurso electrn̤ico] /  |c Robert W. Tarun 
250 |a Cuarta Edicin̤ 
256 |a Servicio en ln̕ea 
260 |a Chicago:  |b American Bar Association,  |c 2015 
300 |a 1 recurso electrn̤ico 
500 |a A Practical Guide for Multinational Counsel, Transactional Lawyers and White Collar Criminal Practitioners. Fourth Edition. 
506 1 |a Disponible solo en los productos indicados  |d vLex Global  |d vLex Global (Academic Edition, excluding Law Schools)  |d vLex Global (Academic Edition, Law Schools) 
650 0 4 |a Derecho Internacional  |z Estados Unidos 
650 0 4 |a Derecho Penal  |z Estados Unidos 
740 0 |a vLex Libros (Servicio en ln̕ea) 
856 4 0 |u http://vlex.com/source/foreign-corrupt-practices-act-handbook-31223  |z Acceso restringido 
942 |c BOOK 
999 0 |a International Law 
999 0 |a Criminal Law